Camino de Tell / (Record no. 185235)
[ view plain ]
| 000 -LEADER | |
|---|---|
| campo de control de longitud fija | 00834nam a2200229 i 4500 |
| 001 - NÚMERO DE CONTROL | |
| campo de control | 185235 |
| 003 - IDENTIFICADOR DE NÚMERO DE CONTROL | |
| campo de control | ES-MaACL |
| 005 - FECHA Y HORA DE LA ÚLTIMA TRANSACCIÓN | |
| campo de control | 20250906063143.0 |
| 008 - DATOS DE LONGITUD FIJA--INFORMACIÓN GENERAL | |
| campo de control de longitud fija | 160421s2015 sp |||| | spa d |
| 080 ## - NÚMERO DE LA CLASIFICACIÓN DECIMAL UNIVERSAL | |
| Número de la Clasificación Decimal Universal | 821.134.2-14"19" |
| 100 1# - ENTRADA PRINCIPAL--NOMBRE DE PERSONA | |
| Nombre de persona | Vicea, Ángel Manuel, |
| Fechas asociadas al nombre | 1964- |
| 9 (RLIN) | 155048 |
| 245 10 - MENCIÓN DEL TÍTULO | |
| Título | Camino de Tell / |
| Mención de responsabilidad, etc. | Ángel Manuel Vicea ; [prólogo, Francisco J. Castañón]. |
| 250 ## - MENCION DE EDICION | |
| Mención de edición | 1ª ed. |
| 260 ## - PUBLICACIÓN, DISTRIBUCIÓN, ETC. | |
| Lugar de publicación, distribución, etc. | [Madrid : |
| Nombre del editor, distribuidor, etc. | Á.M.Vicea], |
| Fecha de publicación, distribución, etc. | 2015. |
| 300 ## - DESCRIPCIÓN FÍSICA | |
| Extensión | 110 p. ; |
| Dimensiones | 21 cm. |
| 700 1# - ENTRADA AGREGADA--NOMBRE PERSONAL | |
| Nombre de persona | Castañón, Francisco J., |
| Fechas asociadas al nombre | 1961- |
| 9 (RLIN) | 153534 |
| 852 ## - LOCALIZACIÓN | |
| Ubicación | ES-MaACL |
| Número de control de estantería | A-150621 |
| itemnumber | 192255 |
| Sublocalización o colección | R.150621 |
| Ubicación en estantería | Depósito 1 |
| Signatura antigua | Olim: N-6711 |
| Anotaciones manuscritas | Dedicatoria autógrafa del autor |
| Donativo/Legado | Donación: Ángel Manuel Vicea |
| 903 ## - NOMBRE PERSONAL DE DONANTE | |
| a | Vicea, Ángel Manuel, |
| d | 1964- |
| e | Donante |
| 9 | 155048 |
| 942 ## - ELEMENTOS DE ENTRADA SECUNDARIOS (KOHA) | |
| Fuente del sistema de clasificación o colocación | Clasificación decimal universal |
| Tipo de ítem Koha | Libro impreso |
| Estatus retirado | Estado de pérdida | Fuente del sistema de clasificación o colocación | Estado de daño | No para préstamo | Colección | Biblioteca de origen | Biblioteca actual | Ubicación en estantería | Fecha de adquisición | Fuente de adquisición | Total de préstamos | Signatura topográfica completa | Código de barras | Visto por última vez | Precio de reemplazo | Tipo de ítem Koha | Nota pública |
|---|---|---|---|---|---|---|---|---|---|---|---|---|---|---|---|---|---|
| Clasificación decimal universal | Libros con dedicatorias | Biblioteca del Ateneo de Madrid | Biblioteca del Ateneo de Madrid | Depósito 1 | 21/04/2016 | Donación | A-13711 | 1195145 | 23/02/2023 | 23/02/2023 | Libro impreso | Dedicatoria autógrafa del autor |
